00447nam a2200157 i 450000100060000000300090000600500170001500700030003200800410003510000190007624500790009526000570017430000220023170000150025385200210026835621ES-MaACL20230906155152.0t|030213s1925 xxu ||||1| eng d1 aBreck, Joseph.14aThe pierpont Morgan Wing b: a handbook / cby Joseph Breck and R. Rogers. aNew York : bThe Metropolitan Museum of Art, c1925. a395 p. ; c22 cm.1 aRogers, R. aES-MaACLjF-1841